000 00509nam a22001817a 4500
001 TVUNI
005 20260126014634.0
008 221102s2010 vm vie d
020 _c100000
040 _aTVUNI
_eAACR2
041 0 _avie
110 2 _aCông ty TNHH Tư vấn thuế C&A
245 1 0 _aHóa đơn những điều cần biết /
_cCông ty TNHH Tư vấn thuế C&A
260 _aHà Nội :
_bTài Chính,
_c2010
300 _a242 tr. ;
_c21 cm.
942 _2ddc
_cBK
999 _c2066
_d2066
912 _a1
_bHiển Phạm